Brazílie - nejen pláže a fotbal

Brazília ako ekonomická veľmoc Latinskej Ameriky. Rozvinuté podnikateľské prostredie, silný spotrebiteľský a priemyselný trh. Multikultúrne prostredie s vysokým stupňom tolerancie. Krajina kontrastov. Kriminalita. Životné prostredie v Brazílii.

Salvato in:
Dettagli Bibliografici
Autore principale: Havlíček, Karel
Natura: Capitolo di libro
Lingua:ceco
Soggetti:
Tags: Aggiungi Tag
Nessun Tag, puoi essere il primo ad aggiungerne!!

MARC

LEADER 00000naa a2200000 4500
001 0147537
005 20231211073326.7
041 0 |a cze 
044 |a CZ 
245 1 0 |a Brazílie - nejen pláže a fotbal  |c Karel Havlíček 
520 |a Brazília ako ekonomická veľmoc Latinskej Ameriky. Rozvinuté podnikateľské prostredie, silný spotrebiteľský a priemyselný trh. Multikultúrne prostredie s vysokým stupňom tolerancie. Krajina kontrastov. Kriminalita. Životné prostredie v Brazílii. 
610 2 0 |a rast hospodársky 
610 2 0 |a prostredie podnikateľské 
610 2 0 |a prostredie životné 
610 2 0 |a kriminalita 
610 2 0 |a bohatstvo 
610 2 0 |a chudoba 
610 2 0 |a Brazília 
100 1 |a Havlíček, Karel